000 00593nam a2200193Ia 4500
005 20250326142857.0
008 250326s9999 xx 000 0 und d
020 _a81-7708-006-7
037 _aTextbook
040 _aFMSL
_beng
_cFMSL
041 _aeng
_2eng
084 _aX818.44 P1
_qFMSL
100 _aSrivastava D C Ed.
245 0 _aIndian insurance industry: Transition and Prospects
_cSrivastava D C Ed.; Srivastava Shashank Ed.
260 _aNew Delhi
_bNew Delhi, New Century
_c2001
300 _axiii,352
942 _cTB
_hX818.44 P1
999 _c1297070
_d1297070